Highest Rated Albums of the 2000s - Statistics

General Stats
  • This quiz has been taken 28 times
    18 since last reset
  • The average score is 18 of 40
Answer Stats
Year Rating Album Artist Genre % Correct
2004 91 The College Dropout Kanye West Chipmunk Soul
81%
2005 90 Late Registration Kanye West Pop Rap
81%
2007 86 Graduation Kanye West Pop Rap
81%
2007 93 In Rainbows Radiohead Art Rock
81%
2000 91 Kid A Radiohead Art Rock
81%
2001 88 The Blueprint JAY-Z East Coast Hip Hop
63%
2004 89 MM..FOOD MF DOOM Abstract Hip Hop
63%
2001 91 Toxicity System of a Down Alternative Metal
63%
2006 87 Back to Black Amy Winehouse Pop Soul
56%
2006 89 The Black Parade My Chemical Romance Rock Opera
56%
2004 87 Three Cheers for Sweet Revenge My Chemical Romance Post-Hardcore
56%
2000 88 Stankonia OutKast Southern Hip Hop
56%
2001 91 Discovery Daft Punk French House
50%
2005 86 Demon Days Gorillaz Art Pop
50%
2004 93 Madvillainy Madvillain Abstract Hip Hop
50%
2001 88 Lateralus TOOL Progressive Metal
50%
2001 93 Vespertine Björk Art Pop
44%
2000 93 Lift Your Skinny Fists Like Antennas to Heaven Godspeed You! Black Emperor Post-Rock
44%
2006 89 Donuts J Dilla Instrumental Hip Hop
44%
2001 88 Is This It The Strokes Garage Rock
44%
2006 86 Whatever People Say I Am, That’s What I’m Not Arctic Monkeys Garage Rock
38%
2000 88 White Pony Deftones Alternative Metal
38%
2008 91 Deathconsciousness Have a Nice Life Post-Punk
38%
2007 88 Sound of Silver LCD Soundsystem Dance-Punk
38%
2005 91 Illinois Sufjan Stevens Chamber Pop
38%
2005 89 Be Common Conscious Hip Hop
31%
2000 90 Voodoo D’Angelo Neo-Soul
31%
2002 88 Songs for the Deaf Queens of the Stone Age Stoner Rock
31%
2001 91 The Glow Pt. 2 The Microphones Indie Folk
31%
2004 87 Funeral Arcade Fire Indie Rock
25%
2007 87 For Emma, Forever Ago Bon Iver Indie Folk
25%
2006 86 Hell Hath No Fury Clipse Gangsta Rap
25%
2002 87 Turn on the Bright Lights Interpol Post-Punk Revival
25%
2003 89 Metaphorical Music Nujabes Instrumental Hip Hop
25%
2005 89 Modal Soul Nujabes Jazz Rap
25%
2000 89 Since I Left You The Avalanches Sampledelia
25%
2001 87 Yankee Hotel Foxtrot Wilco Indie Rock
25%
2007 86 World Is Yours MASS OF THE FERMENTING DREGS J-Rock
19%
2003 88 Velocity : Design : Comfort. Sweet Trip Glitch Pop
19%
2003 87 Vaudeville Villain Viktor Vaughn Abstract Hip Hop
19%
No matching quizzes found
Score Distribution
Percent of People with Each Score
Percentile by Number Answered
Your Score History
You have not taken this quiz since the last reset